000 00448nam a2200181Ia 4500
001 25453
005 20260414151151.0
008 260414t2014||||xx |||||||||||||| ||spa||
041 _aESP
082 _a346.5
_bT75 V. 2
100 _aTorres Vásquez, Anibal
_eAUT
245 0 _aTeoría general de las obligaciones
_b
260 _c2014
300 _apáginas : 647-1263
_c25 cm.
650 _aDER
654 _aCDE
942 _cLIB
_dJUS
_fJUS
_2ddc
_n
999 _c25453
_d25453